| 000 | 00465nam a2200157Ia 4500 | ||
|---|---|---|---|
| 008 | 210716s2003 xx 000 0 und d | ||
| 020 | _a9788177589184 | ||
| 041 | _aeng | ||
| 082 | _a621.392 PALS | ||
| 100 | _aPalnitkar, Samir. | ||
| 245 |
_aVerilog hdl: a guide to digital design and synthesis. _bGuide to digital design and synthesis. |
||
| 250 | _a2 | ||
| 260 |
_aNew Delhi _bPearson Education _c2003 |
||
| 300 | _a490 | ||
| 650 | _aDigital Computers(621.391) | ||
| 999 |
_c190697 _d190697 |
||